000 00397nam a2200157Ia 4500
008 230917s9999||||xx |||||||||||||| ||und||
020 _cRS250
040 _e31782
_aMAIN
041 _aEnglish
082 _a658.1511 M698M
100 _aMittal, S N
245 0 _aManagement accounting and financial management
250 _a2nd ed.
260 _aDelhi
_bShree Mahavir Book Depot
942 _cBK
999 _c102856
_d102856